00264 a2200109 4500001000700000020000600007040001100013100004400024240004100068245003600109362000900145170041 a  cMagnum aColegio Magnum Agostiniano - 2ยช Series10aAlbum de figurinhas: etica e...lpor10aAlbum de figurinhas: etica e...0 a1899